000 00338 a2200157 4500
001 182523
020 _a85-85940-75-1
040 _cMagnum
100 _aGonzaga, Tomás Antônio
240 1 0 _aMarília de dirceu
_lpor
245 1 0 _aMarília de dirceu
300 _a190
362 0 _a1997
697 _aLITERATURA GERAL
942 _cBK
999 _c182523
_d182523